000 01722cam a2200373 a 4500
001 17238055
003 OSt
005 20230915155530.0
008 120402s2011 enka b 001 0 eng d
010 _a 2011277049
015 _aGBB183281
_2dnb
016 7 _a015846277
_2Uk
020 _a9780719085758
020 _a0719085756
035 _a(OCoLC)ocn701811097
040 _aBTCTA
_beng
_cBTCTA
_dYDXCP
_dUKMGB
_dDEBBG
_dNDD
_dBDX
_dCUD
_dDLC
042 _alccopycat
050 0 0 _aGV944.E85
_bT73 2011
082 0 4 _a796.33409409051
_bNIE/T
245 0 4 _aThe transformation of European football :
_btowards the Europeanisation of the national game / edited by Arne Niemann, Borja García, and Wyn Grant.
260 _aManchester ;
_aNew York :
_bManchester University Press ;
_aNew York :
_bDistributed in the United States exclusively by Palgrave Macmillan,
_c2011.
300 _axiii, 268 p. :
_bill. ;
_c24 cm.
650 0 _aSoccer
_zEurope
_xHistory.
650 0 _aSoccer
_xSocial aspects
_zEurope.
700 1 _aNiemann, Arne
_99490
700 1 _aGarcía, Borja.
700 1 _aGrant, Wyn.
856 4 2 _3Contributor biographical information
_uhttp://www.loc.gov/catdir/enhancements/fy1208/2011277049-b.html
856 4 2 _3Publisher description
_uhttp://www.loc.gov/catdir/enhancements/fy1208/2011277049-d.html
856 4 1 _3Table of contents only
_uhttp://www.loc.gov/catdir/enhancements/fy1208/2011277049-t.html
906 _a7
_bcbc
_ccopycat
_d2
_encip
_f20
_gy-gencatlg
942 _2ddc
_cBK
_h796.33409409051
_iNIE/T
_k796.33409409051
_mNIE/T
999 _c42472
_d42472